Une lettre suffit pour répondre juste #17 (attention 10 lettres tuent) - Statistiques

Statistiques générales
  • Ce quiz a été pris 79 fois
  • Le résultat moyen est 3 sur 6
Statistiques - réponses
Hint Réponse % Correct
Donne une des 5 lettres qui complète la chanson de David Bowie et Queen de 1981 qui commence par Mm-noom-ba-deh Doom-boom-ba-beh Doo-boo-boom-ba-beh-beh Pressure pushin' down on me Pressin' down on you, no man ask for ????? pressure UNDER
100%
Donne une des 4 lettres du pays où se trouve les villes de Gao et Tombouctou
MALI
83%
Donne une des 3 lettres du nom de scène de ce rappeur en image
SCH
68%
Donne une des 2 lettres qu'on entend prononcé à haute voix deux fois dans ce Mème Internet :
ça va .. / .. / vous allez fuir
PT
37%
Donne la lettre qui complète le titre du film en extrait qui date de 1998 : American History ?
X
27%
Donne la lettre qui est le symbole de l'ouest au niveau international W
21%
Aucun quiz correspondant
Distribution des résultats
% des personnes avec chaque résultat
Percentile par nombre de réponses
Votre historique - résultats
Vous n’avez pas pris ce quiz